Elements of architecture, containing the Tuscan, Doric, Ionic, and Corinthian orders, with all their details and embellishments. : Also, the theory and practice of carpentry.

Bibliographic Details
Main Author: Benjamin, Asher, 1773-1845
Format: Book
Language:English
Published: New York : Da Capo Press, 1974
Series:Da Capo Press series in architecture and decorative art ; 14.
Subjects:

MARC

Tag First Indicator Second Indicator Subfields
LEADER 00000cam a2200000 4500
001 in00000483021
005 20151013052627.0
008 721030r19731843nyuf 00000 eng
010 |a  68018613  
020 |a 0306710285 
035 |a (OCoLC)00494955 
035 |9 ACB6274AM 
040 |a DLC  |c DLC  |d TXA  |d UtOrBLW 
049 |a TXAM  |c [1472118] 
050 0 0 |a NA2815  |b .B42 1974 
082 0 |a 721 
100 1 |a Benjamin, Asher,  |d 1773-1845. 
245 1 0 |a Elements of architecture, containing the Tuscan, Doric, Ionic, and Corinthian orders, with all their details and embellishments. :  |b Also, the theory and practice of carpentry. 
264 1 |a New York :  |b Da Capo Press,  |c 1974 
264 4 |c [©1843] 
300 |a 232 pages :  |b 28 plates. ;  |c 28 cm. 
336 |a text  |b txt  |2 rdacontent 
337 |a unmediated  |b n  |2 rdamedia 
338 |a volume  |b nc  |2 rdacarrier 
490 0 |a The works of Asher Benjamin, 7 
490 1 |a Da Capo Press series in architecture and decorative art, 14 
500 |a Reprint of the edition published by B. B. Mussey, Boston. 
650 0 |a Architecture  |x Orders. 
650 0 |a Architecture  |x Details. 
650 0 |a Carpentry. 
830 0 |a Da Capo Press series in architecture and decorative art ;  |v 14. 
999 |a MARS 
999 f f |s 11be1af4-f439-348d-b655-09130246497b  |i 334b6ac0-51e3-3a8f-8827-fb34094db087  |t 0 
952 f f |p ric  |a Texas A&M University  |b Rellis Campus  |c Joint Library Facility  |d Remote Storage  |t 0  |e NA2815 .B42 1974  |h Library of Congress classification  |i unmediated -- volume  |m A14803434093 
998 f f |a NA2815 .B42 1974  |t 0  |l Remote Storage